Normal view
MARC view
- Shahzad Umar
Entry Personal Name
001 - CONTROL NUMBER
- control field: 50992
003 - CONTROL NUMBER IDENTIFIER
- control field: NUST
005 - DATE AND TIME OF LATEST TRANSACTION
- control field: 20210314134848.0
008 - FIXED-LENGTH DATA ELEMENTS
- fixed length control field: 210314|| aca||aabn | a|a d
040 ## - CATALOGING SOURCE
- Original cataloging agency: NUST
- Transcribing agency: NUST
100 ## - HEADING--PERSONAL NAME
- Personal name: Shahzad Umar
670 ## - SOURCE DATA FOUND
- Source citation: Work cat.: (NUST): Shahzad Umar, Light weight aggregate concrete CED-44 Syn-4 , 1997.
